[Event "Hastings Premier 1991/92 67th"]
[Site "Hastings"]
[Date "1991.12.30"]
[Round "3"]
[White "Suetin, Alexey S"]
[Black "Shirov, Alexei"]
[Result "1/2-1/2"]
[WhiteElo "2405"]
[BlackElo "2610"]
[PlyCount "123"]
[EventDate "1991.12.28"]
[EventType "tourn"]
[EventRounds "14"]
[EventCountry "ENG"]
[EventCategory "14"]
[SourceTitle "Britbase"]
[Source "John Saunders"]
[SourceDate "2025.01.01"]
[SourceVersion "1"]
[SourceVersionDate "2025.01.01"]
[SourceQuality "1"]

1. e4 e5 2. Nf3 Nc6 3. Bb5 a6 4. Ba4 Nf6 5. O-O b5 6. Bb3 Bb7 7. d3 Be7 8. c4 b4 9. Ba4 d6 10. d4 O-O 11. d5 Nb8 12. Nbd2 Nbd7 13. Re1 Nb6 14. Bc2 c6 15. a3 a5 16. b3 cxd5 17. exd5 Nbd7 18. Nf1 Qb6 19. Ng3 g6 20. Ng5 bxa3 21. Rxa3 Rfc8 22. Be3 Qc7 23. Bd3 Nc5 24. Bf1 Rcb8 25. h3 Bc8 26. Qc2 Rb7 27. Rea1 Nfd7 28. N5e4 f5 29. Nxc5 Nxc5 30. Bd2 Rba7 31. Ne2 Bd7 32. Nc3 e4 33. Nb5 Bxb5 34. cxb5 Bf6 35. R1a2 Be5 36. Be3 Kf8 37. Qc4 Ke7 38. b4 axb4 39. Rxa7 Rxa7 40. Rxa7 Qxa7 41. Qxb4 Qb6 42. g3 Kd7 43. Qa3 Kc7 44. Qa8 Qb7 45. Qg8 Kb6 46. Qd8+ Qc7 47. Qa8 Qb7 48. Qd8+ Qc7 49. Qe8 Kb7 50. Qc6+ Qxc6 51. dxc6+ Kb6 52. Bc4 d5 53. Bxd5 Kxb5 54. Bg8 h5 55. Bf7 Kxc6 56. Bxg6 h4 57. Kg2 hxg3 58. fxg3 Nd3 59. Bxf5 Ne1+ 60. Kf2 Nd3+ 61. Kf1 Kd5 62. g4 {Source: bulletin} 1/2-1/2

[Event "Hastings Challengers 1991/92"]
[Site "Hastings"]
[Date "1991.12.28"]
[Round "1"]
[White "Flear, Glenn C"]
[Black "Summerscale, Aaron P"]
[Result "1/2-1/2"]
[WhiteElo "2515"]
[BlackElo "2325"]
[PlyCount "67"]
[EventDate "1991.12.28"]
[EventType "swiss"]
[EventRounds "9"]
[EventCountry "ENG"]
[SourceTitle "BritBase"]
[Source "John Saunders"]
[SourceDate "2024.12.03"]
[SourceVersion "1"]
[SourceVersionDate "2024.12.03"]
[SourceQuality "1"]

1. d4 d5 2. c4 Bf5 3. Qb3 e5 4. cxd5 exd4 5. Nf3 c5 6. Qxb7 Nd7 7. Bf4 Ngf6 8. Nbd2 Nb6 9. e4 dxe3 10. Bb5+ Bd7 11. Bxd7+ Qxd7 12. Qxd7+ Nfxd7 13. Bxe3 Nxd5 14. O-O-O Be7 15. Rhe1 O-O 16. Nc4 N7b6 17. Nxb6 Nxb6 18. Bf4 Rfe8 19. Bd6 Bxd6 20. Rxd6 Rxe1+ 21. Nxe1 Kf8 22. Nc2 Ke7 23. Rd3 Rd8 24. Ra3 Rd7 25. Ne3 Ke6 26. Ra5 Rc7 27. Kc2 Nd5 28. Nc4 Nb4+ 29. Kc3 Rd7 30. Rxc5 Nxa2+ 31. Kc2 Nb4+ 32. Kc3 Na2+ 33. Kc2 Nb4+ 34. Kc3 1/2-1/2

[Event "Hastings Challengers 1991/92"]
[Site "Hastings"]
[Date "1991.12.28"]
[Round "1"]
[White "Giddins, Stephen W"]
[Black "McNab, Colin Anderson"]
[Result "0-1"]
[WhiteElo "2260"]
[BlackElo "2425"]
[PlyCount "132"]
[EventDate "1991.12.28"]
[EventType "swiss"]
[EventRounds "9"]
[EventCountry "ENG"]
[SourceTitle "Giddins, Steve"]

1. d4 d6 2. e4 Nf6 3. Nc3 g6 4. Nf3 Bg7 5. Be2 O-O 6. O-O Bg4 7. Be3 Nc6 8. Qd2 e5 9. d5 Ne7 10. Rad1 Bd7 11. Ne1 b5 12. a3 Qb8 13. f4 Ng4 14. Bxg4 Bxg4 15. Rb1 exf4 16. Bxf4 b4 17. axb4 Qxb4 18. Nd3 Qc4 19. Bg5 f6 20. b3 Qa6 21. Be3 Qc8 22. Nb5 a6 23. Nd4 c5 24. Ne2 f5 25. Ng3 fxe4 26. Rxf8+ Qxf8 27. Nf2 Bd7 28. Nfxe4 Nf5 29. Bf4 Re8 30. Nxf5 Rxe4 31. Nxg7 Qxf4 32. Qxf4 Rxf4 33. Ne6 Bxe6 34. dxe6 Kf8 35. Ra1 Ke7 36. Rxa6 Kxe6 37. c4 h5 38. Rb6 Ke5 39. g3 Rf6 40. Kg2 Kd4 41. Rb8 Kc3 42. h4 Re6 43. Kf3 Kd3 44. Kf4 Re4+ 45. Kf3 Rg4 46. Rb6 Kc3 47. Kf2 Rd4 48. Kf3 Kd2 49. Rb8 Kc2 50. Rb6 Kc3 51. Rb5 Rd3+ 52. Kf4 Kd2 53. Rb6 Ke2 54. Kg5 Rxg3+ 55. Kf6 Kf3 56. Rxd6 Kg4 57. Kxg6 Kxh4+ 58. Kh6 Rxb3 59. Rc6 Kg4 60. Rxc5 Rb6+ 61. Kg7 h4 62. Rb5 Rc6 63. c5 Kg5 64. Kf7 h3 65. Rb3 h2 66. Rh3 Rh6 0-1

[Event "Hastings Challengers 1991/92"]
[Site "Hastings"]
[Date "1991.12.28"]
[Round "1"]
[White "Kosten, Anthony C"]
[Black "Webster, Andrew A"]
[Result "1-0"]
[WhiteElo "2535"]
[BlackElo "2340"]
[PlyCount "51"]
[EventDate "1991.12.28"]
[EventType "swiss"]
[EventRounds "9"]
[EventCountry "ENG"]
[SourceTitle "BritBase"]
[Source "John Saunders"]
[SourceDate "2024.12.03"]
[SourceVersion "1"]
[SourceVersionDate "2024.12.03"]
[SourceQuality "1"]

1. e4 e6 2. d4 d5 3. Nd2 c5 4. Ngf3 cxd4 5. exd5 Qxd5 6. Bc4 Qd6 7. O-O Nf6 8. Nb3 Nc6 9. Nbxd4 Nxd4 10. Nxd4 Bd7 11. c3 Be7 12. Qe2 O-O 13. Bg5 Rac8 14. Bb3 Rc5 15. Be3 Rh5 16. h3 e5 17. Nb5 Qb8 18. Rfd1 Rd8 19. Bxa7 Qc8 20. Nd6 Bxd6 21. Rxd6 Rg5 22. Rad1 h6 23. h4 Rg6 24. h5 Rg5 25. Be3 Rf5 26. g4 1-0

[Event "Hastings Challengers 1991/92"]
[Site "Hastings"]
[Date "1991.12.28"]
[Round "1"]
[White "Marusenko, Petr"]
[Black "Hebden, Mark L"]
[Result "1/2-1/2"]
[WhiteElo "2305"]
[BlackElo "2485"]
[PlyCount "82"]
[EventDate "1991.12.28"]
[EventType "swiss"]
[EventRounds "9"]
[EventCountry "ENG"]
[SourceTitle "BritBase"]
[Source "John Saunders"]
[SourceDate "2024.12.03"]
[SourceVersion "1"]
[SourceVersionDate "2024.12.03"]
[SourceQuality "1"]

1. d4 Nf6 2. Nf3 g6 3. Bf4 Bg7 4. e3 d6 5. Be2 Nbd7 6. O-O Nh5 7. Bg5 h6 8. Bh4 g5 9. Nfd2 gxh4 10. Bxh5 Nf6 11. Bf3 e5 12. Nc3 O-O 13. dxe5 dxe5 14. Nc4 e4 15. Nxe4 Nxe4 16. Qxd8 Rxd8 17. Bxe4 Be6 18. Bd3 a6 19. f4 Bxc4 20. Bxc4 b5 21. Be2 Rd2 22. Bd3 Bxb2 23. Rad1 Bc3 24. g3 hxg3 25. hxg3 c5 26. Rxd2 Bxd2 27. e4 c4 28. Be2 Rd8 29. Kf2 Rd4 30. Kf3 Kg7 31. Rh1 c3 32. e5 Ra4 33. Ra1 b4 34. Bc4 b3 35. Bxb3 Rd4 36. a4 a5 37. Rb1 Rb4 38. Ke2 Re4+ 39. Kf3 Rb4 40. Ke2 Re4+ 41. Kf3 Rb4 1/2-1/2

[Event "Hastings Challengers 1991/92"]
[Site "Hastings"]
[Date "1991.12.28"]
[Round "1"]
[White "Ruban, Vadim"]
[Black "Bryson, Douglas Marshall"]
[Result "1-0"]
[WhiteElo "2575"]
[BlackElo "2340"]
[PlyCount "87"]
[EventDate "1991.12.28"]
[EventType "swiss"]
[EventRounds "9"]
[EventCountry "ENG"]
[SourceTitle "BritBase"]
[Source "John Saunders"]
[SourceDate "2024.12.03"]
[SourceVersion "1"]
[SourceVersionDate "2024.12.03"]
[SourceQuality "1"]

1. d4 d5 2. c4 e6 3. Nc3 c6 4. Nf3 Nf6 5. Bg5 dxc4 6. e4 b5 7. e5 h6 8. Bh4 g5 9. Nxg5 hxg5 10. Bxg5 Nbd7 11. g3 Qa5 12. exf6 b4 13. Ne4 Ba6 14. b3 Nb6 15. bxc4 Nxc4 16. Qb3 Qf5 17. f3 Na5 18. Qe3 Bxf1 19. Kxf1 O-O-O 20. Rc1 Qd5 21. Qe2 Kb7 22. Be3 Qb5 23. h4 Rd5 24. Kf2 Qb6 25. g4 Ka8 26. h5 Nb7 27. Rc2 Nd8 28. h6 Kb7 29. g5 Qc7 30. f4 Qd7 31. Nd2 Rf5 32. Nf3 Qd5 33. Rb1 Qe4 34. Bc1 Qd5 35. Bd2 a5 36. a3 c5 37. Qb5+ Kc8 38. axb4 axb4 39. Rxb4 Qc6 40. Qb8+ Kd7 41. Ne5+ Rxe5 42. dxe5 Qd5 43. Ra4 Qd3 44. Rb2 1-0

[Event "Hastings Challengers 1991/92"]
[Site "Hastings"]
[Date "1991.12.28"]
[Round "1"]
[White "Welling, Gerard"]
[Black "Suba, Mihai"]
[Result "0-1"]
[WhiteElo "2330"]
[BlackElo "2520"]
[PlyCount "46"]
[EventDate "1991.12.28"]
[EventType "swiss"]
[EventRounds "9"]
[EventCountry "ENG"]
[SourceTitle "BritBase"]
[Source "John Saunders"]
[SourceDate "2024.12.03"]
[SourceVersion "1"]
[SourceVersionDate "2024.12.03"]
[SourceQuality "1"]

1. d4 Nf6 2. b3 c5 3. e3 cxd4 4. exd4 Nc6 5. Nf3 d5 6. Be2 g6 7. O-O Bg7 8. Bb2 O-O 9. Ne5 Qb6 10. Nxc6 Qxc6 11. Nd2 Bf5 12. c4 Rfd8 13. c5 b6 14. b4 bxc5 15. dxc5 Rab8 16. a3 Qc7 17. Nf3 d4 18. Bc4 e6 19. h3 a5 20. Qa4 Ne4 21. c6 Nc5 22. bxc5 Rxb2 23. Rfe1 Bc2 0-1

[Event "Hastings Challengers 1991/92"]
[Site "Hastings"]
[Date "1991.12.29"]
[Round "2"]
[White "Ansell, Simon T"]
[Black "Ward, Christopher G"]
[Result "0-1"]
[WhiteElo "2255"]
[BlackElo "2435"]
[PlyCount "64"]
[EventDate "1991.12.28"]
[EventType "swiss"]
[EventRounds "9"]
[EventCountry "ENG"]
[SourceTitle "BritBase"]
[Source "John Saunders"]
[SourceDate "2024.12.03"]
[SourceVersion "1"]
[SourceVersionDate "2024.12.03"]
[SourceQuality "1"]

1. e4 c5 2. Nf3 d6 3. d4 cxd4 4. Nxd4 Nf6 5. Nc3 g6 6. Be3 Bg7 7. f3 Nc6 8. Qd2 O-O 9. Bc4 Bd7 10. O-O-O Qa5 11. h4 Rfc8 12. Bb3 Ne5 13. Kb1 b5 14. Ncxb5 Qxd2 15. Bxd2 Nc4 16. Nc3 Nxd2+ 17. Rxd2 h5 18. Rd3 Rab8 19. Nde2 Kf8 20. Rhd1 Be8 21. g3 a5 22. a4 Nd7 23. Nd4 Nc5 24. Re3 Rb4 25. Ncb5 Nxa4 26. Bxa4 Rxa4 27. Ra3 Rb4 28. c3 Rxb5 29. Nxb5 Bxb5 30. Rd5 Rb8 31. Kc1 a4 32. f4 Ke8 0-1

[Event "Hastings Challengers 1991/92"]
[Site "Hastings"]
[Date "1991.12.29"]
[Round "2"]
[White "Crouch, Colin S"]
[Black "Kosten, Anthony C"]
[Result "1/2-1/2"]
[WhiteElo "2365"]
[BlackElo "2535"]
[PlyCount "69"]
[EventDate "1991.12.28"]
[EventType "swiss"]
[EventRounds "9"]
[EventCountry "ENG"]
[SourceTitle "BritBase"]
[Source "John Saunders"]
[SourceDate "2024.12.03"]
[SourceVersion "1"]
[SourceVersionDate "2024.12.03"]
[SourceQuality "1"]

1. d4 Nf6 2. c4 e6 3. Nc3 Bb4 4. Qc2 O-O 5. a3 Bxc3+ 6. Qxc3 d6 7. Nf3 b6 8. Bg5 Bb7 9. Nd2 c5 10. f3 h6 11. Bh4 cxd4 12. Qxd4 e5 13. Qd3 Qe7 14. Rd1 Rd8 15. e4 Nbd7 16. b4 a5 17. Bf2 axb4 18. axb4 Ra4 19. Rb1 b5 20. c5 dxc5 21. bxc5 Ra2 22. Qd6 Qxd6 23. cxd6 Ne8 24. Bxb5 Nxd6 25. Bd3 Nf6 26. Be3 Ra3 27. Ke2 Nf5 28. exf5 Rdxd3 29. Bc5 Rxd2+ 30. Kxd2 Ra2+ 31. Kc1 Ba6 32. Rb8+ Kh7 33. Rb2 Ra1+ 34. Rb1 Ra2 35. Rb2 1/2-1/2

[Event "Hastings Challengers 1991/92"]
[Site "Hastings"]
[Date "1991.12.29"]
[Round "2"]
[White "Palatnik, Semon"]
[Black "Roos, Louis"]
[Result "1-0"]
[WhiteElo "2470"]
[BlackElo "2360"]
[PlyCount "57"]
[EventDate "1991.12.28"]
[EventType "swiss"]
[EventRounds "9"]
[EventCountry "ENG"]
[SourceTitle "BritBase"]
[Source "John Saunders"]
[SourceDate "2024.12.03"]
[SourceVersion "1"]
[SourceVersionDate "2024.12.03"]
[SourceQuality "1"]

1. c4 e5 2. Nc3 Nc6 3. g3 g6 4. Bg2 Bg7 5. Rb1 f5 6. d3 Nf6 7. b4 a6 8. a4 O-O 9. b5 axb5 10. axb5 Nd4 11. e3 Ne6 12. Nge2 d6 13. O-O Rb8 14. Nd5 Nxd5 15. cxd5 Nc5 16. d4 exd4 17. Nxd4 Bd7 18. Ba3 b6 19. Bxc5 bxc5 20. Ne6 Bxe6 21. dxe6 Kh8 22. Bd5 Qf6 23. Qd3 Rb6 24. Ra1 Rfb8 25. Ra7 Qe7 26. Bc6 Qxe6 27. Rxc7 c4 28. Qa3 Qf6 29. Bb7 1-0

[Event "Hastings Challengers 1991/92"]
[Site "Hastings"]
[Date "1991.12.29"]
[Round "2"]
[White "Tozer, Richard JD"]
[Black "Conquest, Stuart C"]
[Result "0-1"]
[WhiteElo "2340"]
[BlackElo "2465"]
[PlyCount "64"]
[EventDate "1991.12.28"]
[EventType "swiss"]
[EventRounds "9"]
[EventCountry "ENG"]
[SourceTitle "BritBase"]
[Source "John Saunders"]
[SourceDate "2024.12.03"]
[SourceVersion "1"]
[SourceVersionDate "2024.12.03"]
[SourceQuality "1"]

1. d4 e6 2. c4 f5 3. Nf3 Nf6 4. e3 b6 5. b3 Bb7 6. Bb2 Nc6 7. Nbd2 Bd6 8. Bd3 O-O 9. Qe2 Qe8 10. Ne5 Nb4 11. O-O Nxd3 12. Qxd3 Be7 13. Qe2 c5 14. Rad1 Rc8 15. Nb1 g5 16. Nc3 d6 17. Nf3 Qh5 18. d5 e5 19. Nd2 Qh6 20. f3 Rf7 21. Rf2 Bf8 22. Nf1 Re8 23. e4 f4 24. g4 Qh3 25. Nd2 h5 26. gxh5 Bc8 27. Kh1 Nxh5 28. Nf1 g4 29. fxg4 Bxg4 30. Qd3 Qh4 31. Rdd2 Rg7 32. Ne2 Qxf2 0-1

[Event "Hastings Challengers 1991/92"]
[Site "Hastings"]
[Date "1991.12.30"]
[Round "3"]
[White "Arakhamia-Grant, Ketevan"]
[Black "Ledger, Andrew J"]
[Result "1-0"]
[WhiteElo "2475"]
[BlackElo "2345"]
[PlyCount "61"]
[EventDate "1991.12.28"]
[EventType "swiss"]
[EventRounds "9"]
[EventCountry "ENG"]
[SourceTitle "BritBase"]
[Source "John Saunders"]
[SourceDate "2024.12.03"]
[SourceVersion "1"]
[SourceVersionDate "2024.12.03"]
[SourceQuality "1"]

1. e4 c6 2. d4 d5 3. Nc3 dxe4 4. Nxe4 Nd7 5. Ng5 Ndf6 6. Bc4 e6 7. N1f3 Bd6 8. Qe2 h6 9. Nh3 Ne7 10. Nf4 c5 11. dxc5 Qa5+ 12. Bd2 Qxc5 13. O-O-O Bd7 14. Bb3 Qc7 15. Nd3 Nc6 16. g4 O-O-O 17. Rhg1 Nd5 18. Kb1 f6 19. Qe4 Nce7 20. c4 f5 21. gxf5 Nf6 22. Qe2 e5 23. c5 Bxf5 24. cxd6 Qxd6 25. Nfxe5 Nc6 26. Bc3 Nxe5 27. Qxe5 Qxe5 28. Bxe5 Rxd3 29. Be6+ Bxe6 30. Rxd3 Bf5 31. Rc1# 1-0

[Event "Hastings Challengers 1991/92"]
[Site "Hastings"]
[Date "1991.12.30"]
[Round "3"]
[White "Janovsky, Sergey"]
[Black "Levitt, Jonathan P"]
[Result "0-1"]
[WhiteElo "2425"]
[BlackElo "2465"]
[PlyCount "94"]
[EventDate "1991.12.28"]
[EventType "swiss"]
[EventRounds "9"]
[EventCountry "ENG"]
[SourceTitle "BritBase"]
[Source "John Saunders"]
[SourceDate "2024.12.03"]
[SourceVersion "1"]
[SourceVersionDate "2024.12.03"]
[SourceQuality "1"]

1. e4 e6 2. d4 d5 3. Nc3 Bb4 4. exd5 exd5 5. Bd3 Nc6 6. a3 Be7 7. Bf4 Be6 8. Nce2 Bf6 9. c3 Nge7 10. Qc2 Qd7 11. Ng3 Ng6 12. N1e2 Nxf4 13. Nxf4 g6 14. O-O O-O-O 15. b4 Kb8 16. a4 h5 17. Rfb1 h4 18. Nf1 Bg5 19. Ne2 Ne7 20. Nd2 Bxd2 21. Qxd2 Bf5 22. Nc1 Nc8 23. Nb3 Bxd3 24. Qxd3 Nd6 25. Nc5 Qf5 26. Qxf5 Nxf5 27. Re1 Rhe8 28. Nd7+ Kc8 29. Nf6 Rxe1+ 30. Rxe1 b6 31. g4 hxg3 32. fxg3 Rd6 33. Re8+ Kb7 34. Ng8 Rc6 35. g4 Nd6 36. Re3 Ne4 37. Ne7 Rxc3 38. Nxd5 Rxe3 39. Nxe3 g5 40. Kg2 Nc3 41. Kf3 Kc6 42. b5+ Kd6 43. Nc4+ Kd5 44. Ne5 f6 45. Nc6 a5 46. bxa6 Kxc6 47. Ke3 b5 0-1

[Event "Hastings Challengers 1991/92"]
[Site "Hastings"]
[Date "1991.12.30"]
[Round "3"]
[White "Mestel, A Jonathan"]
[Black "Bryce, Andrew"]
[Result "1-0"]
[WhiteElo "2520"]
[BlackElo "2220"]
[PlyCount "68"]
[EventDate "1991.12.28"]
[EventType "swiss"]
[EventRounds "9"]
[EventCountry "ENG"]
[SourceTitle "BritBase"]
[Source "John Saunders"]
[SourceDate "2024.12.03"]
[SourceVersion "1"]
[SourceVersionDate "2024.12.03"]
[SourceQuality "1"]

1. c4 f5 2. g3 Nf6 3. Bg2 d6 4. d4 e6 5. Nf3 Be7 6. b3 O-O 7. Bb2 a5 8. Nc3 Na6 9. O-O c6 10. Qc2 Rb8 11. Rad1 b5 12. Ba1 b4 13. Na4 Qe8 14. c5 d5 15. Ne5 Bb7 16. Nb6 Rd8 17. Bb2 Nb8 18. a3 bxa3 19. Bc3 Nbd7 20. Nbxd7 Nxd7 21. Nxd7 Qxd7 22. Ra1 e5 23. dxe5 Bxc5 24. Bxa5 Bd4 25. Bxd8 Bxa1 26. Rxa1 Rxd8 27. Rxa3 Qe6 28. Ra7 Rd7 29. Qc3 Kf7 30. b4 g6 31. e3 Re7 32. Qd4 Bc8 33. Ra8 Bb7 34. Rb8 Re8 1-0

[Event "Hastings Challengers 1991/92"]
[Site "Hastings"]
[Date "1991.12.30"]
[Round "3"]
[White "Motwani, Paul"]
[Black "Summerscale, Aaron P"]
[Result "0-1"]
[WhiteElo "2440"]
[BlackElo "2325"]
[PlyCount "77"]
[EventDate "1991.12.28"]
[EventType "swiss"]
[EventRounds "9"]
[EventCountry "ENG"]
[SourceTitle "BritBase"]
[Source "John Saunders"]
[SourceDate "2024.12.03"]
[SourceVersion "1"]
[SourceVersionDate "2024.12.03"]
[SourceQuality "1"]

1. e4 c5 2. c3 d5 3. exd5 Nf6 4. Nf3 Nxd5 5. d4 cxd4 6. cxd4 g6 7. Qb3 Bg7 8. Bc4 e6 9. Bg5 Qa5+ 10. Nc3 Nxc3 11. bxc3 Nc6 12. O-O O-O 13. Rad1 Qc7 14. Be2 b6 15. c4 Ba6 16. Qa3 Qc8 17. Rfe1 Re8 18. h4 Na5 19. c5 Bxe2 20. Rxe2 Nc6 21. h5 gxh5 22. Qe3 Ne7 23. Bxe7 Rxe7 24. Ne5 Qe8 25. c6 Rc8 26. Rc1 Rec7 27. Rec2 Qe7 28. Qf3 Qd6 29. Qe4 f6 30. Nd7 f5 31. Qh4 Qxd4 32. Qxh5 Qg4 33. Qh2 f4 34. f3 Qg3 35. Qxg3 fxg3 36. Kf1 Bh6 37. Re1 Rxc6 38. Rce2 Rd8 39. Nf6+ 0-1

[Event "Hastings Challengers 1991/92"]
[Site "Hastings"]
[Date "1991.12.30"]
[Round "3"]
[White "Rottstaedt, Werner"]
[Black "McNab, Colin Anderson"]
[Result "0-1"]
[WhiteElo "2265"]
[BlackElo "2425"]
[PlyCount "52"]
[EventDate "1991.12.28"]
[EventType "swiss"]
[EventRounds "9"]
[EventCountry "ENG"]
[SourceTitle "BritBase"]
[Source "John Saunders"]
[SourceDate "2024.12.03"]
[SourceVersion "1"]
[SourceVersionDate "2024.12.03"]
[SourceQuality "1"]

1. d4 d6 2. Nf3 g6 3. g3 Bg7 4. Bg2 Nf6 5. O-O O-O 6. Nc3 Nbd7 7. d5 Nc5 8. Nd4 a5 9. a4 Bd7 10. e4 Ra6 11. f3 c6 12. dxc6 bxc6 13. Be3 Qb8 14. b3 e5 15. Nde2 Ne6 16. Qd3 Bc8 17. Rad1 Rd8 18. Qd2 d5 19. exd5 cxd5 20. Nb5 Bd7 21. f4 d4 22. Bf2 Bh6 23. Qd3 e4 24. Bxe4 Nc5 25. Qxd4 Ncxe4 26. c4 Bf8 0-1

[Event "Hastings Challengers 1991/92"]
[Site "Hastings"]
[Date "1991.12.30"]
[Round "3"]
[White "Sadler, Matthew D"]
[Black "Howell, James C"]
[Result "1-0"]
[WhiteElo "2480"]
[BlackElo "2445"]
[PlyCount "67"]
[EventDate "1991.12.28"]
[EventType "swiss"]
[EventRounds "9"]
[EventCountry "ENG"]
[SourceTitle "BritBase"]
[Source "John Saunders"]
[SourceDate "2024.12.03"]
[SourceVersion "1"]
[SourceVersionDate "2024.12.03"]
[SourceQuality "1"]

1. d4 Nf6 2. c4 e6 3. Nc3 Bb4 4. e3 c5 5. Bd3 Nc6 6. Nge2 cxd4 7. exd4 d5 8. cxd5 Nxd5 9. O-O O-O 10. Bc2 Re8 11. a3 Bf8 12. Qd3 g6 13. Rd1 Nxc3 14. bxc3 b6 15. Ng3 Bb7 16. Ne4 Na5 17. Ng5 Be7 18. Qg3 Qd5 19. Be4 Qb3 20. Qf3 Rf8 21. Re1 Rab8 22. Bf4 Bxe4 23. Nxe4 Rb7 24. Bh6 Rc8 25. Nf6+ Kh8 26. d5 Rxc3 27. Qf4 Rc4 28. Qe5 Qc3 29. Qxc3 Rxc3 30. dxe6 fxe6 31. Rxe6 Rc6 32. Rae1 Rxe6 33. Rxe6 b5 34. Nd5 1-0

[Event "Hastings Challengers 1991/92"]
[Site "Hastings"]
[Date "1991.12.30"]
[Round "3"]
[White "Wells, Peter K"]
[Black "Suba, Mihai"]
[Result "1-0"]
[WhiteElo "2465"]
[BlackElo "2520"]
[PlyCount "81"]
[EventDate "1991.12.28"]
[EventType "swiss"]
[EventRounds "9"]
[EventCountry "ENG"]
[SourceTitle "BritBase"]
[Source "John Saunders"]
[SourceDate "2024.12.03"]
[SourceVersion "1"]
[SourceVersionDate "2024.12.03"]
[SourceQuality "1"]

1. d4 Nf6 2. c4 e6 3. Nf3 c5 4. Nc3 cxd4 5. Nxd4 Bb4 6. g3 O-O 7. Bg2 d5 8. Qb3 Bxc3+ 9. Qxc3 e5 10. Nb3 d4 11. Qa5 Qe8 12. Bg5 Nc6 13. Qc7 Qe6 14. Bxf6 gxf6 15. Rc1 Nb4 16. Qa5 Na6 17. c5 Nb8 18. O-O Nc6 19. Qc7 a5 20. f4 Qd7 21. Qd6 Qxd6 22. cxd6 Rd8 23. fxe5 fxe5 24. Bxc6 bxc6 25. Rxc6 Be6 26. Nc5 Bd5 27. Rb6 Rac8 28. Rc1 e4 29. a3 Kg7 30. b4 axb4 31. axb4 Ra8 32. d7 Ra2 33. Rd6 Ba8 34. Rxd4 Rxe2 35. Kf1 Rxh2 36. Ne6+ fxe6 37. Rc8 e5 38. Rxd8 exd4 39. Rxa8 d3 40. d8=Q d2 41. Qg5+ 1-0

[Event "Hastings Challengers 1991/92"]
[Site "Hastings"]
[Date "1991.12.31"]
[Round "4"]
[White "Armstrong, Malcolm J"]
[Black "Motwani, Paul"]
[Result "0-1"]
[WhiteElo "2210"]
[BlackElo "2440"]
[PlyCount "56"]
[EventDate "1991.12.28"]
[EventType "swiss"]
[EventRounds "9"]
[EventCountry "ENG"]
[SourceTitle "BritBase"]
[Source "John Saunders"]
[SourceDate "2024.12.03"]
[SourceVersion "1"]
[SourceVersionDate "2024.12.03"]
[SourceQuality "1"]

1. e4 c5 2. Nf3 e6 3. b3 Nf6 4. e5 Nd5 5. c4 Nb4 6. Bb2 Be7 7. a3 N4c6 8. Bd3 d6 9. exd6 Qxd6 10. Bc2 O-O 11. O-O f5 12. Qe2 Bf6 13. Bxf6 Rxf6 14. Nc3 a6 15. Rfe1 Nd7 16. Rad1 b6 17. Qe3 Nd4 18. Nxd4 cxd4 19. Qf3 Rb8 20. Ne2 Bb7 21. Qg3 e5 22. Qh3 Rbf8 23. Ng3 d3 24. Bb1 e4 25. Nf1 Rh6 26. Qg3 f4 27. Qg5 Rg6 28. Qh4 e3 0-1

[Event "Hastings Challengers 1991/92"]
[Site "Hastings"]
[Date "1991.12.31"]
[Round "4"]
[White "Crouch, Colin S"]
[Black "Arakhamia-Grant, Ketevan"]
[Result "1-0"]
[WhiteElo "2365"]
[BlackElo "2475"]
[PlyCount "77"]
[EventDate "1991.12.28"]
[EventType "swiss"]
[EventRounds "9"]
[EventCountry "ENG"]
[SourceTitle "BritBase"]
[Source "John Saunders"]
[SourceDate "2024.12.03"]
[SourceVersion "1"]
[SourceVersionDate "2024.12.03"]
[SourceQuality "1"]

1. d4 Nf6 2. c4 g6 3. Nc3 Bg7 4. e4 d6 5. Nf3 O-O 6. h3 e5 7. dxe5 dxe5 8. Qxd8 Rxd8 9. Bg5 c6 10. Nxe5 Re8 11. O-O-O Na6 12. Nf3 Nc5 13. e5 Nfd7 14. Be3 b6 15. Be2 Nxe5 16. Nxe5 Bxe5 17. Bf3 Bf5 18. Bxc6 Nd3+ 19. Rxd3 Bxd3 20. Bxa8 Rxa8 21. Rd1 Bxc4 22. Bd4 Bf4+ 23. Kc2 h5 24. Bf6 Bh6 25. g4 Be6 26. f3 Bg7 27. Bxg7 Kxg7 28. Rd4 Rh8 29. Ne4 hxg4 30. hxg4 Rh3 31. Ng5 Rh2+ 32. Kc3 Bxa2 33. b3 Bb1 34. Rd7 a5 35. Rxf7+ Kg8 36. Rb7 Rc2+ 37. Kd4 Rc5 38. Rb8+ Kg7 39. Ne6+ 1-0

[Event "Hastings Challengers 1991/92"]
[Site "Hastings"]
[Date "1991.12.31"]
[Round "4"]
[White "Hebden, Mark L"]
[Black "Conquest, Stuart C"]
[Result "1-0"]
[WhiteElo "2485"]
[BlackElo "2465"]
[PlyCount "75"]
[EventDate "1991.12.28"]
[EventType "swiss"]
[EventRounds "9"]
[EventCountry "ENG"]
[SourceTitle "BritBase"]
[Source "John Saunders"]
[SourceDate "2024.12.03"]
[SourceVersion "1"]
[SourceVersionDate "2024.12.03"]
[SourceQuality "1"]

1. d4 Nf6 2. Nf3 g6 3. Nc3 d6 4. e4 Bg7 5. Be3 c6 6. Qd2 Na6 7. Bxa6 bxa6 8. Bh6 O-O 9. Bxg7 Kxg7 10. h3 Rb8 11. b3 d5 12. Ne5 Qc7 13. exd5 cxd5 14. f3 Bd7 15. Nd1 a5 16. Ne3 a4 17. O-O Rfc8 18. Rf2 Be8 19. N5g4 Nxg4 20. Nxg4 Qc3 21. Qh6+ Kg8 22. Rd1 Qb2 23. c4 Qa3 24. c5 axb3 25. axb3 Qxb3 26. Re1 Qc3 27. Rd2 Bd7 28. Rxe7 Bxg4 29. hxg4 Qc1+ 30. Kh2 Rb2 31. Qf4 Rf8 32. Ree2 a5 33. Kg3 Rb4 34. Qd6 Qc4 35. Re5 Qc3 36. Rde2 Qxd4 37. Re8 Qg7 38. Qd8 1-0

[Event "Hastings Challengers 1991/92"]
[Site "Hastings"]
[Date "1991.12.31"]
[Round "4"]
[White "Levitt, Jonathan P"]
[Black "Sadler, Matthew D"]
[Result "0-1"]
[WhiteElo "2465"]
[BlackElo "2480"]
[PlyCount "74"]
[EventDate "1991.12.28"]
[EventType "swiss"]
[EventRounds "9"]
[EventCountry "ENG"]
[SourceTitle "BritBase"]
[Source "John Saunders"]
[SourceDate "2024.12.03"]
[SourceVersion "1"]
[SourceVersionDate "2024.12.03"]
[SourceQuality "1"]

1. d4 d5 2. Nf3 e6 3. c4 dxc4 4. Nc3 a6 5. a4 Nc6 6. e4 Na5 7. Be3 c5 8. Ne5 Nb3 9. Bxc4 Nxa1 10. d5 Nf6 11. Qxa1 exd5 12. Nxd5 Be6 13. a5 Bd6 14. Qa4+ Kf8 15. f4 Bxe5 16. fxe5 Nxd5 17. Bxd5 Bxd5 18. exd5 Qxd5 19. O-O Rd8 20. Qa3 Qxe5 21. Bxc5+ Kg8 22. b4 h5 23. Qf3 Rd7 24. Qf2 Kh7 25. Re1 Qd5 26. Qc2+ g6 27. Qf2 Rc8 28. h3 Kg8 29. Kh1 Rdd8 30. Qf6 Re8 31. Rxe8+ Rxe8 32. Bd4 Re1+ 33. Kh2 Kf8 34. Qh8+ Ke7 35. Bf6+ Ke6 36. Qe8+ Kxf6 37. Qh8+ Ke7 0-1